| 000 | 00853nam a2200217Ii 4500 | ||
|---|---|---|---|
| 003 | JO-AjNU | ||
| 008 | 230605s9999||||xx |||||||||||||| ||und|| | ||
| 020 | _a2-7451-3397-7 | ||
| 040 |
_aJO-AjNU _bara _erda _cJO-AjNU |
||
| 041 | _aara | ||
| 050 | 1 | 4 | _aPJ7750.B3.M3 2006 |
| 100 | 3 |
_aقدم لها وشرح غوامضها عبده،محمد, _eauthor _927125 |
|
| 245 | 0 | 0 | _aمقامات بديع الزمان الهمذاني أبي الفضل أحمد بن الحسين بن يحيى المتوفى سنة 398 هـ |
| 250 | _aط4 | ||
| 264 | 3 | 1 | _aبيروت:دار الكتب العلمية،2006 |
| 300 | _a303ص | ||
| 336 |
_atext _btxt _2rdacontent |
||
| 337 |
_aunmediated _bn _2rdamedia |
||
| 338 |
_avolume _bnc _2rdacarrier |
||
| 650 | 4 |
_aالمقامات العربية - تاريخ ونقد - العصر العباسي الثاني _927126 |
|
| 999 |
_aA10364 _c13932 _d13932 |
||